000 00375nam a2200145 i 4500
001 90421
003 ES-MaACL
005 20230906180434.0
007 t|
008 050120q1959 sp ||||1| spa d
245 0 0 _aLegislación y Jurisprudencia Fiscal de Trabajo.
260 _a[S.l. :
_bs.n.,
_c1959?]
300 _a112 p. ;
_c27 cm.
852 _aES-MaACL
_jC-17605
_bR.44583
999 _c90421
_d90421